F Words in Current Events (no bad ones) Quiz Stats

 Plays Quiz not verified by Sporcle

Also try: 'P' Logos
Challenge
Share
Tweet
Embed
Score 0/7 Timer 05:00
0 Plays Today
Hint Answer % Correct
This automotive company recalled 423,000 vehicles due to a steering problem in 2011-2013 modelsFord
100%
Officials from what international sports organization were arrested for corruption and fraud by accepting bribes all the way up to 150 million dollars over a 20 year spanFIFA
100%
A message discovered by Reddit users will be sent by your _______ and will shut your iphone down.Friends
55.6%
This man's death in early April sparked the Baltimore riots later that monthFreddie Gray
44.4%
The Richmond soaring rodent has another chance to win the Baseball America’s LogoMania.Flying Squirrel
44.4%
A newly discovered fossilized jaw shows there was a hominid that lived in the same ______ as Lucy over 3 million years ago! This new hominid has smaller teeth suggesting it ate difFamily
33.3%
This new drug is on its way of becoming an epidemic like the crack cocaine epidemic of the 1990's. The drug has become increasingly popular due to its low price and its cocaine-likFlakka
11.1%

You're not logged in!

Compare scores with friends on all Sporcle quizzes.
OR
Log In

You Might Also Like...

Show Comments

Extras

Created May 28, 2015ReportNominate
Tags:event

Top Quizzes Today


Score Distribution

Your Account Isn't Verified!

In order to create a playlist on Sporcle, you need to verify the email address you used during registration. Go to your Sporcle Settings to finish the process.

Report this User

Report this user for behavior that violates our Community Guidelines.

Details: